Представление документа в формате MARC21

Поле Инд. ПП Название Значение
Тип записи a
Библиографический уровень b
001 Контрольный номер 9182bab89bf84163827f031f4567b489
005 Дата корректировки 20210908160152.1
024 80 a Стандартный номер 10.1002/jrs.5645
040 a Служба первич. каталог. РИНЦ
041 0_ a Код языка текста Английский
097 a Ануфриева Г.Ю.
100 1_ a Автор Fabelinsky V. I.
100 1_ a Автор Kozlov D. N.
100 1_ a Автор -
100 1_ q Полное имя Арзуманян Григорий Макичевич
g Прочие сведения РИНЦ AuthorID: 97170 (http://elibrary.ru/author_profile.asp?id= 97170); Scopus Author ID: 6506990999 (https://www.scopus.com/authid/detail.uri?origin=resultslist&authorId=6506990999&zone=)
a Автор Arzumanyan G. M.
u Дополнение Арзуманян Г. М.; Arzumanyan Grigory M.
c Титул (звания) ; кандидат физико-математических наук; доцент (должность);
i 100093087
k Кафедра нанотехнологий и новых материалов; Факультет естественных и инженерных наук
245 10 a Заглавие Laser intensity limits in surface-enhanced linear and nonlinear raman micro-spectroscopy of organic molecule/AU-Nanoparticle conjugates
773 18 t Название источника Journal of Raman Spectroscopy
b Сведения об издании John Wiley & Sons Ltd.
c Великобритания
d Место и дата издания 2019
m Специф. данные входит в Scopus; входит в WoS; входит в ядро РИНЦ
n Примечание https://www.elibrary.ru/title_about.asp?id=19443
o Прочие индексы wos 2.809; scopus 2.78
x ISSN 0377-0486
g Прочая информация V. 50. - № 9. - P. 1311 - 1320
q Q2
w Контрольный № источника 15285927e0e54d6388484d201cfbbfd5
856 40 u URL https://www.elibrary.ru/item.asp?id=41629006
901 t Тип документа b
952 c Вид литературы статья в журнале